00434 2200169 4500001002100000005001500021035002000036245004000056100002300096250001700119300003200136260003500168082001000203084001600213020002200229650001300251INLIS00000000000056420240821094407 a0010-08240000821 aKreasi Pigura /cNanan Sekarningrum0 aNanan Sekarningrum acetakan ke-1 aiv, 44 hlm :bIlus ;c21 cm aJakarta :bGaneca Exact,c2007 a746.3 a746.3 NAN k a978-979-571-456-9 4aKesenian